[Event "FSGM September"]
[Site "Budapest HUN"]
[Date "2004.09.11"]
[Round "8"]
[White "Berczes,D"]
[Black "Erdos,V"]
[Result "0-1"]
[WhiteElo "2351"]
[BlackElo "2454"]

1.d4 Nf6 2.c4 c6 3.Nf3 d5 4.Qc2 g6 5.Bf4 Bg7 6.e3 O-O 7.Nc3 Bf5 8.Qb3 Qb6
9.c5 Qxb3 10.axb3 Nbd7 11.b4 a6 12.h3 h6 13.Nd2 g5 14.Bh2 Rfe8 15.Nb3 e5
16.dxe5 Nxe5 17.Nd4 Bg6 18.Bxe5 Rxe5 19.b5 cxb5 20.Ncxb5 Ne4 21.c6 Re7 22.cxb7 Rxb7
23.Be2 Rc8 24.Nc3 Rxb2 25.Nd1 Bxd4 26.exd4 Rd2 27.Bxa6 Ra8 28.O-O Rxd4 29.Ne3 Nc5
30.Be2 Rxa1 31.Rxa1 Rd2 32.Bf3 d4 33.Nc4 Rc2 34.Na3 Rb2 35.Nc4 Rb1+ 36.Rxb1 Bxb1
37.Nd2 Bd3 38.Bd5 Be2 39.h4 Kg7 40.hxg5 hxg5 41.f3 f5 42.Kf2 Bb5 43.g3 Kf6
44.f4 Nd3+ 45.Kf3 g4+ 46.Kg2 Nb4 47.Bb3 Ke7 48.Kf2 Nd3+ 49.Kg2 Bc6+ 50.Kf1 Nc5
51.Bc2 Be4 52.Bb3 Bd3+ 53.Ke1 Kd6 54.Bd1 Be4 55.Ke2 Bd5 56.Ke1 Ke6 57.Be2 Ba2
58.Bb5 Ne4 59.Nf1 Bb3 60.Ba6 Kd6 61.Ke2 Kc5 62.Kd3 Ba4 63.Ke2 Bb5+ 64.Bxb5 Kxb5
65.Kd3 Kc5 66.Nd2 Nxd2 67.Kxd2 Kc4 68.Kc2 d3+ 69.Kd2 Kd4 70.Kd1 Ke3 71.Ke1 Kf3  0-1

[Event "Open"]
[Site "Pune IND"]
[Date "2004.09.12"]
[Round "10"]
[White "Fominyh,A"]
[Black "Sundararajan,K"]
[Result "1/2-1/2"]
[WhiteElo "2546"]
[BlackElo "2452"]

1.d4 d5 2.c4 c6 3.Nf3 Nf6 4.Qb3 dxc4 5.Qxc4 Bf5 6.g3 e6 7.Bg2 Be7 8.O-O Nbd7
9.Nc3 O-O 10.Re1 Ne4 11.Bf4 Qa5 12.Qb3 Qb4 13.Nd2 Nxd2 14.Qxb4 Bxb4 15.Bxd2 Nb6
16.a3 Be7 17.e4 Bg6 18.Ne2 Rfd8 19.a4 a5 20.Bc3 c5 21.h4 cxd4 22.Bxd4 Nd7
23.Nf4 e5 24.Nd5 Bf8 25.Bc3 f6 26.Nc7 Ra7 27.Ne6 Re8 28.Nxf8 Nxf8 29.Red1 Bf7
30.Bf1 Raa8 31.Bb5 Rec8 32.Rd6 Ne6 33.f3 Nc5 34.Kf2 Bb3 35.Ke3 Kf7 36.g4 Ke7
37.Rb6 Kd8 38.Rd6+ Ke7 39.Rd2 b6 40.g5 Rd8 41.Rg2 Kf7 42.h5 Ne6 43.Ra3 Nf4
44.Rh2 Be6 45.Ra1 h6 46.g6+ Ke7 47.b4 Rac8 48.Be1 Bc4 49.Bxc4 Rxc4 50.bxa5 bxa5
51.Bxa5 Ra8 52.Bb6 Raxa4 53.Rxa4 Rxa4 54.Bc5+ Ke8 55.Rb2 Rc4 56.Rb8+ Kd7
57.Rb7+  1/2-1/2

[Event "3rd Autumn"]
[Site "Alushta UKR"]
[Date "2004.09.13"]
[Round "6"]
[White "Ogloblin,N"]
[Black "Neelotpal,D"]
[Result "1/2-1/2"]
[WhiteElo "2447"]
[BlackElo "2448"]

1.d4 d5 2.Nf3 Nf6 3.c4 c6 4.Qc2 dxc4 5.Qxc4 Bf5 6.g3 e6 7.Bg2 Be7 8.O-O O-O
9.e3 Nbd7 10.Rd1 Rc8 11.Nc3 b5 12.Qe2 b4 13.Na4 Qa5 14.b3 Qb5 15.Bf1 Qxe2
16.Bxe2 Nb6 17.Nc5 Ne4 18.Nxe4 Bxe4 19.Bd2 a5 20.Rac1 c5 21.dxc5 Bxc5 22.Ne5 Bd6
23.Nc4 Nxc4 24.Rxc4 Bd5 25.Rxc8 Rxc8 26.Bd3 f5 27.Rc1 Rxc1+ 28.Bxc1 g6 29.Kf1 e5
30.f4 e4 31.Bb5 Bf8 32.Bb2 Bg7 33.Bxg7 Kxg7 34.Kf2 Kf6 35.h4 Ke7 36.Ke1 Bf7
37.Kd2 Kd6 38.Kc2 Kc5 39.Bd7 Kd6 40.Bb5 Kc5 41.Ba4 Kd6 42.Kb2 Be6 43.Bb5 Bf7  1/2-1/2

[Event "TCh-CRO w"]
[Site "Rabac CRO"]
[Date "2004.09.13"]
[Round "9"]
[White "Cosma,E"]
[Black "Belamaric,T"]
[Result "1-0"]
[WhiteElo "2358"]
[BlackElo "2113"]

1.d4 d5 2.c4 c6 3.Nf3 Nf6 4.Qc2 e6 5.g3 dxc4 6.Qxc4 Qd5 7.Nbd2 Qxc4 8.Nxc4 b6
9.Bg2 Bb7 10.O-O Na6 11.Bf4 Rd8 12.Nce5 h6 13.Rfc1 Nb8 14.Nd3 Nd5 15.Bxb8 Rxb8
16.Nfe5 Rc8 17.Rc2 f6 18.Ng6 Rg8 19.Ngf4 Kf7 20.Bh3 Re8 21.Nxd5 exd5 22.Bd7 Re7
23.Bxc6 Bxc6 24.Rxc6 Rxe2 25.Nf4 Re4 26.Rc7+ Be7 27.Rd1 Kf8 28.f3 Bd8 29.Rxa7 Re7
30.Ng6+  1-0

[Event "TCh-CRO w"]
[Site "Rabac CRO"]
[Date "2004.09.13"]
[Round "9"]
[White "Sargac,R"]
[Black "Kruljac,P"]
[Result "1-0"]
[WhiteElo "2211"]
[BlackElo "1910"]

1.d4 d5 2.c4 c6 3.Nf3 Nf6 4.g3 a6 5.a4 e6 6.Bg2 Bd6 7.O-O O-O 8.Qc2 Nbd7
9.Nbd2 c5 10.e4 dxe4 11.Nxe4 Nxe4 12.Qxe4 Nf6 13.Qd3 cxd4 14.Qxd4 Qe7 15.Bf4 Bxf4
16.Qxf4 Qb4 17.Qd4 Bd7 18.Ne5 Rfd8 19.a5 Qe7 20.Qb6 Rab8 21.Rfd1 Be8 22.Rxd8 Rxd8
23.Qxb7 Qd6 24.Qb6 Qd2 25.Bf3 Rd6 26.Rd1 Rxb6 27.Rxd2 Kf8 28.axb6  1-0

[Event "HUN-GER Match"]
[Site "Budapest HUN"]
[Date "2004.09.17"]
[Round "2"]
[White "Dautov,R"]
[Black "Berkes,F"]
[Result "0-1"]
[WhiteElo "2624"]
[BlackElo "2614"]

1.d4 d5 2.c4 c6 3.Nf3 Nf6 4.Qc2 Bg4 5.Ne5 e6 6.Nxg4 Nxg4 7.e3 Nd7 8.h3 Ngf6
9.Nc3 Bd6 10.Be2 O-O 11.O-O Qe7 12.Rd1 dxc4 13.Bxc4 e5 14.dxe5 Nxe5 15.Be2 Rfe8
16.Bd2 Ng6 17.g3 h5 18.Kg2 h4 19.g4 Rad8 20.Bd3 Ne5 21.Be2 Ng6 22.Bd3 Ne5
23.Be2 Bc7 24.f4 Rxd2 25.Qxd2 Ng6 26.g5 Ne4 27.Nxe4 Qxe4+ 28.Bf3 Qxe3 29.Qxe3 Rxe3
30.Kf2 Bb6 31.f5 Nf4 32.Rd8+  0-1

[Event "TCh-SCG Men"]
[Site "Budva SCG"]
[Date "2004.09.17"]
[Round "9"]
[White "Jeremic,V"]
[Black "Lajthajm,B"]
[Result "1/2-1/2"]
[WhiteElo "2503"]
[BlackElo "2460"]

1.d4 d5 2.c4 c6 3.Nf3 Nf6 4.Qc2 dxc4 5.Qxc4 Bf5 6.g3 Nbd7 7.Bg2 e6 8.O-O a5
9.Bf4 Nd5 10.Bg5 N7b6 11.Qc1 Be7 12.Bxe7 Qxe7 13.Nbd2 Bg4 14.e4 Bxf3 15.Nxf3 Nc7
16.Qe3 O-O 17.Rac1 Nd7 18.Rfd1 Rfd8 19.Bf1 Nf8 20.h4 Ne8 21.Bd3 f6 22.a3 Nd6
23.e5 Nc8 24.exf6 Qxf6 25.Bb1 Ne7 26.Kg2 a4 27.Ne5  1/2-1/2

[Event "HUN-GER Match"]
[Site "Budapest HUN"]
[Date "2004.09.18"]
[Round "3"]
[White "Graf,A"]
[Black "Varga,Zo"]
[Result "1/2-1/2"]
[WhiteElo "2661"]
[BlackElo "2592"]

1.d4 d5 2.c4 dxc4 3.Nf3 c6 4.e3 Be6 5.Nc3 b5 6.a4 b4 7.Ne2 Nf6 8.Bd2 a5 9.Rc1 Bd5
10.Nf4 e6 11.Bxc4 Bd6 12.Nxd5 exd5 13.Bd3 Ne4 14.Qc2 Qe7 15.g3 O-O 16.Nh4 g6
17.O-O Ra7 18.f3 Nxd2 19.Qxd2 c5 20.b3 Nd7 21.Rfe1  1/2-1/2

[Event "HUN-GER Match"]
[Site "Budapest HUN"]
[Date "2004.09.21"]
[Round "6"]
[White "Dautov,R"]
[Black "Varga,Zo"]
[Result "1/2-1/2"]
[WhiteElo "2624"]
[BlackElo "2592"]

1.d4 d5 2.c4 dxc4 3.Nf3 c6 4.e3 Be6 5.Qc2 Nf6 6.Bxc4 Bxc4 7.Qxc4 e6 8.O-O Nbd7
9.Nc3 Be7 10.e4 O-O 11.Rd1 Rc8 12.Bf4 Qa5 13.a3 h6 14.h3 Rfd8 15.Qe2 Qh5
16.Rac1 a6 17.Qe3 Nh7 18.Bh2 Bg5 19.Nxg5 Qxg5 20.Qxg5 hxg5 21.Bd6 f6 22.f3 Kf7
23.Kf2 Nhf8 24.Na4 Ng6 25.b4 b5 26.Nb2 e5 27.d5 cxd5 28.Bc7 Re8 29.exd5 e4
30.fxe4 Rxe4 31.Nd3 Rc4 32.d6 Rxc1 33.Nxc1 Nge5 34.Nb3 Ke6 35.Kg1 Rh8 36.Nd4+ Kf7
37.Nb3 Ke6 38.Nd4+ Kf7 39.Nb3 Ke6 40.Nd4+  1/2-1/2

[Event "Tatry Open"]
[Site "Tatranske Zruby SVK"]
[Date "2004.09.27"]
[Round "3"]
[White "Jurkiewicz,K1"]
[Black "Kantorik,M"]
[Result "0-1"]
[WhiteElo "2217"]
[BlackElo "2331"]

1.d4 d5 2.c4 c6 3.Nf3 dxc4 4.e4 b5 5.a4 e6 6.Nc3 Bb4 7.Bd2 a5 8.d5 exd5 9.exd5 cxd5
10.Nxb5 Nf6 11.Bxb4 axb4 12.Qd2 O-O 13.Qxb4 Nc6 14.Qa3 Re8+ 15.Kd1 Ng4 16.Qc5 Qf6
17.Ra2 d4 18.b3 cxb3 19.Rb2 Rxa4 20.Qc1 Bf5 21.Re2 Rxe2  0-1

[Event "Tatry Open"]
[Site "Tatranske Zruby SVK"]
[Date "2004.09.27"]
[Round "4"]
[White "Rachela,M"]
[Black "Novak,Jar"]
[Result "1-0"]
[WhiteElo "2308"]
[BlackElo "2005"]

1.d4 Nf6 2.Nf3 d5 3.c4 c6 4.Qc2 e6 5.Nbd2 Nbd7 6.g3 Bd6 7.Bg2 O-O 8.O-O Qc7
9.b3 e5 10.dxe5 Nxe5 11.Nd4 dxc4 12.Nxc4 Nxc4 13.Qxc4 Qe7 14.Bb2 Be6 15.Nxe6 Qxe6
16.Rac1 Rfe8 17.Qxe6 fxe6 18.Rfd1 Rad8 19.Bd4 Bb8 20.b4 e5 21.Bb2 a6 22.e3 Kf7
23.a4 Rxd1+ 24.Rxd1 Re7 25.Bh3 Nd5 26.b5 axb5 27.axb5 Nf6 28.Ba3 Re8 29.Bd7 Rh8
30.bxc6 bxc6 31.Bxc6 Rc8 32.Rc1 Rd8 33.Rb1 Kg6 34.Be7 Rc8 35.Rc1 Rh8 36.Bb5 h5
37.h4 Kf5 38.Rc6 Kg6 39.Rb6 Kf7 40.Rb7 Ke6 41.e4 Nxe4 42.Bc4+ Kf5 43.Bd3 Re8
44.f3 Ke6 45.Bxe4 Rxe7 46.Rxb8  1-0

[Event "IMA Classic"]
[Site "Gausdal NOR"]
[Date "2004.09.28"]
[Round "8"]
[White "Bjerke,R"]
[Black "Moskow,E"]
[Result "0-1"]
[WhiteElo "2232"]
[BlackElo "2200"]

1.Nf3 Nf6 2.c4 c6 3.d4 d5 4.Qc2 g6 5.Bf4 Bg7 6.Nbd2 Bf5 7.Qb3 Qb6 8.c5 Qxb3
9.axb3 Nbd7 10.b4 Nh5 11.e3 Nxf4 12.exf4 O-O 13.Be2 f6 14.O-O a6 15.Nh4 Be6
16.Bd3 Bh6 17.g3 Bh3 18.Rfe1 e5 19.Nb3 exf4 20.Re7 fxg3 21.hxg3 Rf7 22.Rxf7 Kxf7
23.b5 cxb5 24.Bxb5 Rc8 25.Bd3 Rc7 26.Kh2 Be6 27.Kg2 Nb8 28.f4 Bg4 29.Kf2 Nc6
30.Ng2 Nb4 31.Bb1 Bd7 32.Ra3 Bb5 33.Na5 Bg7 34.f5 Bh6 35.g4 Bg5 36.Rb3 Nc6
37.Nxc6 bxc6 38.Rh3 Kg7 39.b3 Re7 40.Ne3 Re8 41.Bc2 a5 42.Bb1 Ba6 43.Bc2 Re7
44.Bd1 Re4 45.fxg6 hxg6 46.Nc2 Bc8 47.b4 axb4 48.Rb3 Bd2 49.Nxb4 Bxg4 50.Bxg4 Bxb4
51.Rxb4 Rxg4  0-1

[Event "Monarch Assurance"]
[Site "Port Erin IOM"]
[Date "2004.09.29"]
[Round "5"]
[White "Kiriakov,P"]
[Black "Bannink,B"]
[Result "1/2-1/2"]
[WhiteElo "2555"]
[BlackElo "2280"]

1.d4 d5 2.c4 c6 3.Nf3 Nf6 4.Qb3 dxc4 5.Qxc4 Bf5 6.Nc3 Nbd7 7.g3 e6 8.Bg2 Be7
9.O-O O-O 10.e3 Ne4 11.Qe2 Nxc3 12.bxc3 Be4 13.Bb2 Qa5 14.c4 Bf6 15.Rfc1 Rfd8
16.Bc3 Qh5 17.h3 c5 18.Kh2 Rac8 19.a4 Nb6 20.Bb2 Qg6 21.Ra3 cxd4 22.exd4 Bxf3
23.Bxf3 Bxd4 24.Bxd4 Rxd4 25.Bxb7 Rcxc4 26.Rxc4 Nxc4  1/2-1/2

[Event "Monarch Assurance"]
[Site "Port Erin IOM"]
[Date "2004.10.01"]
[Round "7"]
[White "Groffen,H"]
[Black "Nicholson,Jo"]
[Result "1-0"]
[WhiteElo "2244"]
[BlackElo "2021"]

1.d4 d5 2.c4 c6 3.Nf3 Nf6 4.Qc2 Nbd7 5.e3 e6 6.Nc3 Bd6 7.g4 Nxg4 8.Rg1 h5
9.Be2 Bxh2 10.Nxh2 Nxh2 11.e4 dxe4 12.Nxe4 Nf6 13.Bg5 Nhg4 14.Bxg4 hxg4 15.O-O-O Qa5
16.Bxf6 gxf6 17.Nxf6+ Ke7 18.Nxg4 Qxa2 19.Qe2 Qa1+ 20.Kc2 Qa4+ 21.Kb1 Qa5
22.c5 Rh5 23.Ne3 Rh7 24.Nf5+ Kf8 25.Qe5 Qd8 26.Rg7 Rh8 27.Rxf7+ Kxf7 28.Qg7+ Ke8
29.Nd6+  1-0

[Event "Tatry Open"]
[Site "Tatranske Zruby SVK"]
[Date "2004.10.01"]
[Round "8"]
[White "Drabek,M"]
[Black "Lednicky,M"]
[Result "0-1"]
[WhiteElo "2102"]
[BlackElo "2225"]

1.d4 d5 2.Nf3 Nf6 3.c4 c6 4.Nbd2 a6 5.g3 b5 6.cxd5 cxd5 7.Bg2 e6 8.O-O Bb7
9.Nb3 Nbd7 10.Bg5 Be7 11.Nbd2 O-O 12.e3 h6 13.Bxf6 Bxf6 14.Qe2 Rc8 15.Rfc1 Qb6
16.Bf1 Qd6 17.Nb3 Qb6 18.Qd2 Rxc1 19.Rxc1 Rc8 20.Rxc8+ Bxc8 21.Qc3 Bb7 22.a3 Be7
23.Ne5 Nxe5 24.dxe5 b4 25.axb4 Qxb4 26.Qxb4 Bxb4 27.Bd3 Kf8 28.Kf1 Ke7 29.Ke2 f6
30.exf6+ gxf6 31.Nd4 e5 32.Nc2 Bd6 33.Kd1 a5 34.Bb5 Bc8 35.Kd2 Bg4 36.f4 Bc5
37.Bd3 Ke6 38.Ba6 Bf3 39.Bd3 exf4 40.gxf4 Be4 41.Ke2 Kf5 42.Ne1 Kg4 43.Kf2 Kf5
44.Ke2 d4 45.Bxe4+ Kxe4 46.Nd3 Bb6 47.Nf2+ Kf5 48.exd4 Bxd4 49.Nd3 a4 50.Kf3 Kg6
51.Ke4 Bxb2  0-1

[Event "Monarch Assurance"]
[Site "Port Erin IOM"]
[Date "2004.10.03"]
[Round "9"]
[White "Groffen,H"]
[Black "Hagesaether,A"]
[Result "1-0"]
[WhiteElo "2244"]
[BlackElo "2101"]

1.d4 d5 2.c4 c6 3.Nf3 Nf6 4.Qc2 e6 5.e3 Be7 6.Nc3 O-O 7.Bd3 b6 8.O-O Ba6
9.b3 c5 10.dxc5 dxc4 11.bxc4 Bxc5 12.Rd1 Qe7 13.Bb2 Nbd7 14.a4 Bb7 15.a5 Rfc8
16.a6 Bxf3 17.gxf3 Ne5 18.Be2 Ng6 19.f4 e5 20.f5 Nh4 21.Ne4 g6 22.fxg6 hxg6
23.Kh1 Re8 24.Rg1 Rad8 25.Bc3 Qe6 26.Nxc5 Qc6+ 27.f3 Nxf3 28.Rxg6+ fxg6 29.Qxg6+ Kf8
30.Ne4 Nd4 31.Bb4+ Re7 32.Rf1 Nf5 33.Qxf5  1-0

[Event "YM"]
[Site "Winterthur SUI"]
[Date "2004.10.03"]
[Round "3"]
[White "Benkovic,P"]
[Black "Gattenloehner,S"]
[Result "1-0"]
[WhiteElo "2430"]
[BlackElo "2235"]

1.d4 d5 2.c4 c6 3.Nf3 Nf6 4.Qc2 dxc4 5.Qxc4 Bg4 6.Nc3 Nbd7 7.e4 e6 8.Be3 Be7
9.Be2 O-O 10.O-O Bh5 11.Rfd1 Qb8 12.a4 a5 13.Rac1 Rd8 14.h3 h6 15.Nd2 Bxe2
16.Qxe2 e5 17.Nf3 Bd6 18.dxe5 Nxe5 19.Nh4 Ned7 20.Nf5 Bf4 21.Rc2 Bxe3 22.Qxe3 Ne5
23.Rxd8+ Qxd8 24.Rd2 Qf8 25.Qd4 Ng6 26.Nxh6+ Kh7 27.Nf5 Qb4 28.f3 Nf4 29.Qf2 Ne6
30.Qh4+ Kg8 31.Qg3 Qb6+ 32.Kh1 Qc7 33.Qxc7 Nxc7 34.Ne3 Ne6 35.g3 Nc5 36.Nc4 Nfd7
37.Kg2 Kf8 38.f4 Ke7 39.h4 Nb3 40.Rxd7+  1-0

[Event "YM"]
[Site "Winterthur SUI"]
[Date "2004.10.04"]
[Round "4"]
[White "Moor,O"]
[Black "Starostits,I"]
[Result "0-1"]
[WhiteElo "2388"]
[BlackElo "2460"]

1.d4 d5 2.c4 c6 3.Nf3 dxc4 4.e3 Be6 5.Nbd2 b5 6.a4 b4 7.Ne4 Nf6 8.Ng3 Qa5
9.Ne5 c3 10.bxc3 bxc3 11.Qc2 Nbd7 12.Nxd7 Bxd7 13.Ba3 Rb8 14.Bc4 e6 15.O-O c5
16.Qd3 cxd4 17.Bxf8 Kxf8 18.Qxd4 Ke7 19.Bb5 Rhc8 20.Qe5 Qc7 21.Qd4 Qc5 22.Ne2 Qxd4
23.Nxd4 e5 24.Ne2 Nd5 25.Rfb1 c2 26.Rc1 Bxb5 27.axb5 Rc7  0-1

[Event "20th ECC"]
[Site "Izmir TUR"]
[Date "2004.10.08"]
[Round "6"]
[White "Kekki,P"]
[Black "Eriksson,Mag1"]
[Result "0-1"]
[WhiteElo "2378"]
[BlackElo "2333"]

1.d4 d5 2.c4 c6 3.Nf3 Nf6 4.Qc2 dxc4 5.Qxc4 e6 6.g3 b5 7.Qc2 Bb7 8.Bg2 Nbd7
9.O-O Rc8 10.e4 Be7 11.Qe2 a6 12.a3 c5 13.Nc3 O-O 14.e5 Nd5 15.Bd2 Qb6 16.dxc5 Nxc5
17.Rad1 Rfd8 18.Nb1 h6 19.Nd4 Na4 20.Nb3 b4 21.Qg4 Nxb2 22.Bxh6 Bf8 23.Rd4 bxa3
24.Qg5 f6 25.exf6 Nxf6 26.Rf4 Bxg2 27.Kxg2 Qxb3 28.Qg6 a2 29.Rxf6 Qb7+ 30.Kh3 a1=Q
31.Re1 Nd3 32.Rexe6 Qaxb1 33.Rf5 Nxf2+ 34.Kh4 Qf1  0-1

[Event "19th Open"]
[Site "Le Touquet FRA"]
[Date "2004.10.25"]
[Round "1"]
[White "Mandon,F"]
[Black "Bratanov,Z"]
[Result "0-1"]
[WhiteElo "2146"]
[BlackElo "2448"]

1.d4 d5 2.c4 c6 3.Nf3 Nf6 4.g3 dxc4 5.Bg2 b5 6.O-O Bb7 7.a4 a6 8.Nc3 e6 9.Bg5 Be7
10.e4 h6 11.Bxf6 Bxf6 12.e5 Be7 13.Ne4 Nd7 14.b3 cxb3 15.Qxb3 O-O 16.Rfc1 c5
17.Nxc5 Bd5 18.Qe3 Nb6 19.axb5 axb5 20.h4 Nc4 21.Qc3 Qc7 22.Qb4 Qc6 23.Ne1 Rad8
24.Ra7 Rfe8 25.Rb1 Bxg2 26.Nxg2 Nxe5 27.Qxb5 Qxb5 28.Rxb5 Nf3+ 29.Kf1 Nxd4  0-1

[Event "Open"]
[Site "Liberec CZE"]
[Date "2004.10.28"]
[Round "6"]
[White "Hinterberger,W"]
[Black "Kaderabek,J"]
[Result "1-0"]
[WhiteElo "2101"]
[BlackElo "2157"]

1.d4 Nf6 2.c4 c6 3.Nf3 d5 4.Qc2 dxc4 5.Qxc4 Bf5 6.g3 e6 7.Bg2 Nbd7 8.O-O h6
9.Nbd2 Be7 10.Qb3 Qb6 11.Nc4 Qxb3 12.axb3 Bc2 13.Na5 O-O-O 14.Bd2 Be4 15.Nc4 a6
16.Ba5 Rdf8 17.Nfe5 Bxg2 18.Kxg2 Nd5 19.e4 N5f6 20.f3 Nxe5 21.Nb6+ Kc7 22.dxe5 Ng8
23.Rfd1 Re8 24.Rd7+ Kb8 25.Rad1 h5 26.Nc4 Nh6 27.Bc7+ Ka7 28.Bb6+ Kb8 29.Na5  1-0

[Event "Open"]
[Site "Liberec CZE"]
[Date "2004.10.29"]
[Round "8"]
[White "Johansson,Ja SWE"]
[Black "Stross,F"]
[Result "1-0"]
[WhiteElo "2409"]
[BlackElo "2261"]

1.d4 d5 2.c4 c6 3.Nf3 Nf6 4.Qc2 dxc4 5.Qxc4 Bf5 6.Nc3 e6 7.g3 Be7 8.Bg2 Nbd7
9.O-O Ne4 10.Ne1 Nd6 11.Qb3 Qb6 12.e4 Qxb3 13.axb3 Bg6 14.Be3 O-O 15.Nd3 a6
16.Rfd1 Rfd8 17.Nf4 Ne8 18.Rd2 Nef6 19.f3 Nf8 20.Rad1 Bb4 21.Nd3 Be7 22.Kf2 h6
23.Nc5 Bxc5 24.dxc5 Rd7 25.Rxd7 N8xd7 26.Na4 Kf8 27.Bf4 e5 28.Bd2 Ke7 29.Ba5 Nf8
30.Nb6 Rb8 31.Nc4 N6d7 32.Bc7 Rc8 33.Bd6+ Ke8 34.Bxf8  1-0

[Event "WYb18"]
[Site "Heraklio GRE"]
[Date "2004.11.04"]
[Round "1"]
[White "Dzagnidze,N"]
[Black "Dietmayer Kraeutler,M"]
[Result "1-0"]
[WhiteElo "2484"]
[BlackElo "2246"]

1.d4 d5 2.Nf3 Nf6 3.c4 c6 4.Qb3 Qb6 5.Nc3 dxc4 6.Qxc4 Be6 7.Qa4 Bf5 8.Nd2 Nbd7
9.e4 Bg6 10.Be2 e5 11.dxe5 Nxe5 12.O-O Bc5 13.Nb3 O-O 14.Nxc5 Qxc5 15.Be3 Qe7
16.f3 Rfd8 17.Rfd1 b6 18.h3 Qc7 19.f4 Ned7 20.Bf3 Rac8 21.Rac1 Nb8 22.e5 Ne8
23.Bg4 f5 24.exf6 Nxf6 25.Bxc8 Rxc8 26.Qd4 Re8 27.Bf2 Nbd7 28.Nd5 Qb7 29.Nxf6+ Nxf6
30.Qc4+ Kh8 31.Qxc6 Qf7 32.Qc4 Qb7 33.Qc7 Qa6 34.Rd8 Qxa2 35.Rxe8+ Nxe8 36.Qe5  1-0

[Event "TCh-SWE Elitserien 2004-5"]
[Site "Skara SWE"]
[Date "2004.11.05"]
[Round "1"]
[White "Tikkanen,H"]
[Black "Bator,R"]
[Result "1-0"]
[WhiteElo "2338"]
[BlackElo "2419"]

1.d4 d5 2.c4 c6 3.Nf3 dxc4 4.e3 Be6 5.Nc3 b5 6.a4 b4 7.Ne4 Bd5 8.Nfd2 Nd7
9.Bxc4 e5 10.O-O exd4 11.exd4 Be7 12.Re1 Nf8 13.Nc5 Nf6 14.Qb3 a5 15.Bxd5 Nxd5
16.Nc4 Qc7 17.Qg3 Qxg3 18.hxg3 Ng6 19.Nb3 O-O 20.Ncxa5 Rfc8 21.Nc4 Nf8 22.Rxe7 Nxe7
23.Nb6 Ne6 24.Bf4 Nd5 25.Nxc8 Rxc8 26.Bd6 Ra8 27.a5 h5 28.Rc1 Ra6 29.Rc4 Nd8
30.Bxb4 Nb7 31.Ba3 Nc7 32.Nc5 Nxc5 33.Rxc5 Ne6 34.Rxh5 Nxd4 35.Bb4 f5 36.Kf1 g6
37.Rh4 Ne6 38.Bc3 c5 39.Rh8+ Kf7 40.Rh7+ Kf8 41.Rb7 Nd8 42.Rd7 Ra8 43.Ke2 Nc6
44.Rh7 Ra6 45.Rc7 c4 46.Kf3 Nxa5 47.Rc5 Nb3 48.Rxc4 Kf7 49.Rc7+ Ke6 50.Rg7 Kd5
51.Rf7 Re6 52.g4 fxg4+ 53.Kxg4 Nc5 54.f3 Re2 55.g3 Ne6 56.f4 Re4 57.Kf3 Ra4
58.Rf6 Ra6 59.Kg4  1-0

[Event "TCh-BEL 2004-5"]
[Site "Belgium BEL"]
[Date "2004.11.07"]
[Round "3"]
[White "Groffen,H"]
[Black "Komarov,D"]
[Result "0-1"]
[WhiteElo "2244"]
[BlackElo "2555"]

1.d4 d5 2.c4 c6 3.Nf3 Nf6 4.Qc2 dxc4 5.Qxc4 Bf5 6.g3 Nbd7 7.Bg2 e6 8.O-O Be7
9.Nc3 O-O 10.Nh4 Nb6 11.Qb3 Qxd4 12.Nxf5 exf5 13.Be3 Qc4 14.Rfd1 Rfe8 15.Bxb6 Qxb3
16.axb3 axb6 17.Rxa8 Rxa8 18.e3 g6 19.Bf3 b5 20.h4 h5 21.Kg2 Kf8 22.e4 b4
23.e5 Ng4 24.Bxg4 bxc3 25.Be2 cxb2 26.Rb1 Ba3 27.f4 Rd8 28.Kf3 Rd2  0-1

[Event "Extraliga CZE 2004-5"]
[Site "Czech Rep CZE"]
[Date "2004.11.07"]
[Round "2"]
[White "Chloupek,S"]
[Black "Cernousek,L"]
[Result "1/2-1/2"]
[WhiteElo "2323"]
[BlackElo "2343"]

1.Nf3 Nf6 2.d4 d5 3.c4 c6 4.Qb3 e6 5.g3 dxc4 6.Qxc4 b5 7.Qd3 Bb7 8.Bg2 Nbd7
9.O-O a6 10.Nc3 c5 11.dxc5 Bxc5 12.Be3 Qb6 13.Bxc5 Nxc5 14.Qc2 Rc8 15.Rac1 O-O
16.a3 Nce4 17.Qb3 Nxc3 18.Rxc3 Ne4 19.Rxc8 Rxc8 20.e3 Bd5 21.Qd3 Nc5 22.Qd4 Na4
23.Qxb6 Nxb6 24.Ne5 Bxg2 25.Kxg2 Rc2 26.Rd1 Nd5 27.Kf1 f6 28.Nd3 Nb6 29.Nb4 Rxb2
30.Rd6 Nc4 31.Rxa6 Nxa3 32.Rxa3 Rxb4 33.Ra7 h5 34.h4 Kh7 35.Rb7 Kg6 36.Kg2 Rb2
37.Kf3 f5 38.Rb6 Kf6 39.Rb7 b4 40.Kg2 g6 41.Rb5 b3 42.Kf3 Rb1 43.e4 fxe4+
44.Kxe4 Rb2 45.Kf3 e5 46.Rb6+ Kf5 47.Kg2 e4 48.Rb5+ Ke6 49.Kg1 Rb1+ 50.Kg2 Rb2
51.Kg1 Rb1+  1/2-1/2

[Event "WYb10"]
[Site "Heraklio GRE"]
[Date "2004.11.07"]
[Round "5"]
[White "Swiercz,D"]
[Black "Yu Yangyi"]
[Result "0-1"]
[WhiteElo "2045"]
[BlackElo "2140"]

1.d4 d5 2.c4 c6 3.Nf3 Nf6 4.Qc2 e6 5.Nc3 Nbd7 6.e3 Bd6 7.Bd3 O-O 8.O-O e5
9.cxd5 cxd5 10.dxe5 Nxe5 11.Nxe5 Bxe5 12.h3 Be6 13.Bd2 Rc8 14.Qd1 Bb8 15.Nb5 a6
16.Nd4 Qd6 17.f4 Ne4 18.Qe1 Rfe8 19.Bb4 Qb6 20.Bxe4 dxe4 21.Nxe6 Qxe6 22.Bc3 Red8
23.Rd1 f5 24.Qh4 Bc7 25.Qg5 Qg6 26.Rxd8+ Rxd8 27.Qe7 Qf7 28.Qc5 Rd5 29.Qc4 Rd7
30.Qxf7+ Kxf7 31.Bd4 Ba5 32.Rc1 Rc7 33.Rxc7+ Bxc7 34.Kf2 g6 35.Ke2 Ke6 36.Kd2 Kd5
37.b3 Bxf4 38.Bg7 Be5 39.Bf8 b5 40.Bh6 Bf6 41.Ke2 Ke6 42.Bf8 g5 43.g3 Be7
44.Bg7 Kd5 45.Bb2 a5 46.Bc3 a4 47.Ke1 Bd6 48.Kf2 Ke6 49.Bd2 h5 50.Kg2 Bc5
51.h4 gxh4 52.gxh4 Be7 53.Kh3 Kd5 54.Kg3 Bd6+ 55.Kf2 a3 56.Kg2 f4 57.exf4 Kd4
58.Kf2 Kd3 59.Be3 Be7 60.Bc1 Bxh4+ 61.Kg2 b4 62.f5 e3 63.Bxe3 Kxe3 64.Kh3 Bf6
65.Kg2 Kd2  0-1

[Event "FSIM November"]
[Site "Budapest HUN"]
[Date "2004.11.10"]
[Round "5"]
[White "Fodor,T jr"]
[Black "Koczo,K"]
[Result "1/2-1/2"]
[WhiteElo "2169"]
[BlackElo "2222"]

1.d4 d5 2.c4 c6 3.Nf3 Nf6 4.Qc2 dxc4 5.Qxc4 Bf5 6.Nc3 e6 7.g3 Nbd7 8.Bg2 Be7
9.O-O O-O 10.Qb3 Qb6 11.Qxb6 axb6 12.Bf4 Nd5 13.Nxd5 exd5 14.h3 Be4 15.g4 Ra6
16.Nd2 Bxg2 17.Kxg2 Rfa8 18.a3 b5 19.Nb3 b4 20.axb4 Bxb4 21.Rxa6 Rxa6 22.Ra1 Rxa1
23.Nxa1 Kf8 24.Nc2 Be7 25.f3 Nb6 26.b3 Ke8 27.e4 Kd7 28.Be3 Nc8 29.Kg3 Nd6
30.e5 Nb5 31.f4 Na3 32.Nxa3 Bxa3 33.f5 b6 34.Kf4 c5 35.dxc5 bxc5 36.h4 Bb4
37.h5 Ke7 38.g5 g6 39.hxg6 hxg6 40.Bc1 d4 41.fxg6 fxg6 42.Ke4 Ke6 43.Bf4 Ba5
44.Bc1 Bd8 45.Ba3 Bb6 46.Bb2 Ba7 47.Bc1 Bb6 48.Ba3 Ba7 49.Bb2 Bb8 50.Ba3 Ba7  1/2-1/2

[Event "16th Open"]
[Site "Leuven BEL"]
[Date "2004.11.12"]
[Round "2"]
[White "Claesen,P"]
[Black "Duhayon,Y"]
[Result "1/2-1/2"]
[WhiteElo "2388"]
[BlackElo "2228"]

1.d4 d5 2.Nf3 Nf6 3.c4 c6 4.Qc2 g6 5.Bf4 Bf5 6.Qb3 Qb6 7.c5 Qxb3 8.axb3 Nbd7
9.Nc3 Bg7 10.h3 Ne4 11.b4 O-O 12.e3 a6 13.g4 Nxc3 14.gxf5 Ne4 15.Rg1 Rae8
16.h4 e6 17.fxe6 Rxe6 18.Bh3 f5 19.h5 Kf7  1/2-1/2

[Event "16th Open"]
[Site "Leuven BEL"]
[Date "2004.11.13"]
[Round "5"]
[White "Groffen,H"]
[Black "Claesen,P"]
[Result "0-1"]
[WhiteElo "2244"]
[BlackElo "2388"]

1.d4 d5 2.c4 c6 3.Nf3 Nf6 4.Qc2 g6 5.e3 Bg7 6.Nc3 O-O 7.Bd3 Nbd7 8.O-O Re8
9.cxd5 Nxd5 10.Nxd5 cxd5 11.Qb3 Nb8 12.Bd2 Nc6 13.h3 Rb8 14.Rac1 Bf5 15.Bb5 Qd6
16.Rc5 Be4 17.Ng5 e5 18.Nxe4 dxe4 19.Rd5 Qc7 20.dxe5 a6 21.Be2 Rxe5 22.Rxe5 Bxe5
23.Bc3 Rd8 24.Bxe5 Nxe5 25.Rd1 Rxd1+ 26.Qxd1 Nd3 27.Bxd3 exd3 28.Qxd3 Qc1+
29.Qf1 Qxb2 30.Qc4 a5 31.Qd5 a4 32.e4 Qb1+ 33.Kh2 Qb6 34.Kg1 h6 35.Qc4 a3
36.h4 Qe6 37.Qc2 b5 38.Kf1 b4 39.f3 b3  0-1

[Event "Open"]
[Site "Calcutta IND"]
[Date "2004.11.14"]
[Round "8"]
[White "Fominyh,A"]
[Black "Neelotpal,D"]
[Result "1/2-1/2"]
[WhiteElo "2533"]
[BlackElo "2458"]

1.Nf3 d5 2.d4 Nf6 3.c4 c6 4.Qc2 dxc4 5.Qxc4 Bf5 6.Nc3 Nbd7 7.g3 e6 8.Bg2 Be7
9.O-O O-O 10.Re1 Ne4 11.Bf4 Nxc3 12.bxc3 Be4 13.Qb3 c5 14.Nd2 Bxg2 15.Kxg2 cxd4
16.cxd4 Nb6 17.Nf3 Qd7 18.a4 Nd5 19.Bd2 b6 20.Reb1 a6 21.Qd3 Qb7 22.Rb2 a5  1/2-1/2

[Event "ch-CRO"]
[Site "Zagreb CRO"]
[Date "2004.11.17"]
[Round "2"]
[White "Saric,A"]
[Black "Leventic,I"]
[Result "0-1"]
[WhiteElo "2437"]
[BlackElo "2502"]

1.d4 d5 2.c4 c6 3.Nf3 Nf6 4.Qc2 dxc4 5.Qxc4 Bf5 6.g3 e6 7.Bg2 Nbd7 8.O-O Be7
9.e3 O-O 10.Qe2 c5 11.b3 Ne4 12.Bb2 a6 13.Rd1 Qc7 14.Ne5 Nxe5 15.dxe5 f6
16.g4 Bg6 17.Qc4 Rad8 18.Nc3 Nxc3 19.Bxc3 Qc8 20.exf6 Bxf6 21.Bxf6 gxf6 22.h4 b5
23.Qc3 e5 24.g5 Qg4 25.f3 Qxh4 26.gxf6 Qxf6 27.Qxc5 Bd3 28.Rac1 Kh8 29.Rd2 Rg8
30.Qc3 Qg7 31.Qb2 Rd6 32.Rc5 Be2  0-1

[Event "Stek Cup"]
[Site "Tula RUS"]
[Date "2004.11.21"]
[Round "6"]
[White "Shestakov,Se"]
[Black "Poletov,V"]
[Result "1/2-1/2"]
[WhiteElo "2342"]
[BlackElo "2371"]

1.Nf3 d5 2.d4 c6 3.c4 Nf6 4.Qc2 g6 5.Bf4 Bf5 6.Qb3 Qb6 7.e3 Na6 8.Nc3 Nb4
9.c5 Qa5 10.Rc1 b6 11.Ne5 Rc8 12.a3 Na6 13.cxb6 axb6 14.Qa4 Nb8 15.f3 h5
16.Qxa5 bxa5 17.Na4 Bh6 18.Bxh6 Rxh6 19.Rc5 Nfd7 20.Nxd7 Nxd7 21.Rxa5 e5
22.Kd2 g5 23.b4 exd4 24.exd4 g4 25.Ba6 Rb8 26.Re1+ Kf8 27.Bd3 Bxd3 28.Kxd3 Rf6
29.Ra7 Rd8 30.Re3 gxf3 31.Rxf3 Rg6 32.g3 Kg7 33.Nc5 Nxc5+ 34.dxc5 Rf8 35.Rf4 Re6
36.a4 Re1 37.Rc7 Ra1 38.a5 Ra3+ 39.Kc2 Re8 40.Rfxf7+ Kg6 41.Rfe7 Rf8 42.Rg7+ Kh6
43.Rgf7 Re8 44.Rfe7 Rf8 45.Rxc6+ Kg5 46.Rg7+ Kf5 47.Kb2 Rd3 48.a6 Ke4 49.Re7+ Kd4
50.Re2 Rff3 51.a7 Rb3+ 52.Kc2 Ra3 53.Rd2+ Kc4 54.Rc7 d4 55.c6 Rf1 56.Kb2 Rfa1
57.Rxd4+ Kxd4 58.Rd7+ Kc4 59.Rd4+ Kxd4 60.c7  1/2-1/2